000 00921cam a2200289 a 4500
001 000007650
005 20200929154239.0
008 820326s1991 sp 001 f spa d
020 _a8423972127
040 _aDO-SdBNP
_bspa
_cLC
_dBNPHU
082 _a863.6
_bA973mu
100 1 _aAyala, Francisco,
_d1906-2009
_94726
245 1 0 _aMuertes de perro ; El fondo del vaso /
_cFrancisco Ayala ; prólogo de Mariano Baquero Goyanes.
260 _aMadrid :
_bEspasa-Calpe,
_c1991.
300 _a385 p. ;
_c18 cm.
490 1 _aAustral. Literatura
_v212
650 4 _aNovela española
_91123
650 4 _aDictadura
_xNovela
_921220
650 4 _aDemocracia
_xNovela
_921221
650 4 _aLiteratura española
_9632
700 1 _aBaquero Goyanes, Mariano,
_epról.
_921222
740 3 _aEl fondo del vaso
830 0 _aAustral. Literatura;
_v212
_917660
910 _aCatalogación derivada
910 _aWM
049 _aBNGR
999 _c7430
_d7430